000 01052nam a2200277Ia 4500
003 OSt
005 20221005111237.0
006 a|||||r|||| 00| 0
007 ta
008 221004b |||||||| |||| 00| 0 hin d
020 _a9789387889347 (hbk)
_cINR 395.00
024 _a42445
037 _bGV/792, 21/02/2019, Vani Prakashan
_cTextual
040 _aCRL
_cCRL
_bhin
041 _2hin
_ahin
082 _aO152,3:g, Q8
100 _aगुजराल, तरसेम, ले.
245 0 _aदस कालजयी उपन्यास ज़मीन की तलाश
246 _aDas kālajayī upanyās ज़mīn kī talāsha
260 _aनई दिल्ली
_bवाणी प्रकाशन भारत
_c2018
300 _a124पृ0
_ccm.
650 _a हिन्दी साहित्य
650 _aहिन्दी कहानी
942 _hO152,3:g, Q8
_cTEXL
_2cc
999 _c1021251
_d1021251